FC Bayern München Squad 2016-2017 - Statistics

General Stats
  • This quiz has been taken 34 times
  • The average score is 21 of 26
Answer Stats
# Position Nation Player % Correct
10 FW Netherlands Arjen Robben
100%
23 MF Chile Arturo Vidal
100%
7 MF France Franck Ribéry
100%
1 GK Germany Manuel Neuer
100%
9 FW Poland Robert Lewandowski
100%
11 FW Brazil Douglas Costa
96%
17 DF Germany Jérôme Boateng
96%
27 DF Austria David Alaba
93%
26 GK Germany Sven Ulreich
93%
29 FW France Kingsley Coman
89%
5 DF Germany Mats Hummels
89%
25 FW Germany Thomas Müller
89%
8 DF Spain Javi Martínez
86%
21 DF Germany Philipp Lahm
86%
6 MF Spain Thiago
86%
- Coach Italy Carlo Ancelotti
79%
32 MF Germany Joshua Kimmich
79%
13 DF Brazil Rafinha
79%
35 MF Portugal Renato Sanches
79%
14 MF Spain Xabi Alonso
79%
18 DF Spain Juan Bernat
71%
22 GK Germany Tom Starke
57%
37 MF United States Julian Green
46%
28 DF Germany Holger Badstuber
43%
40 MF Croatia Fabian Benko
25%
30 MF Germany Niklas Dorsch
25%
No matching quizzes found
Score Distribution
Percent of People with Each Score
Percentile by Number Answered
Your Score History
You have not taken this quiz